[Event "19. Obert Int. Sant Marti 2017"]
[Site "Barcelona ESP"]
[Date "2017.07.18"]
[Round "6.53"]
[White "Degraeve, Remy"]
[Black "Minko, Dmitry"]
[Result "0-1"]
[WhiteElo "2164"]
[BlackElo "1987"]
[PlyCount "92"]
[EventDate "2017.07.13"]
[EventType "swiss"]
[EventRounds "9"]
[EventCountry "ESP"]
[SourceTitle "Ajedrez en Madrid"]
[Source "lmi"]
[SourceDate "2017.07.13"]
[SourceVersion "1"]
[SourceVersionDate "2019.06.21"]
[SourceQuality "1"]

1. e4 e5 2. Nf3 Nc6 3. Nc3 Nf6 4. d4 exd4 5. Nxd4 Bb4 6. Nxc6 bxc6 7. Bd3 d5 8.
exd5 cxd5 9. O-O O-O 10. h3 c6 11. Qf3 Bd6 12. Bf4 Rb8 13. b3 Rb7 14. Rfe1 Bb4
15. Bd2 Kh8 16. a3 Bd6 17. b4 Be6 18. Na4 Re7 19. Bc3 Ree8 20. Bd4 Kg8 21. Bxa7
Ne4 22. Bxe4 dxe4 23. Qe3 f5 24. Bc5 Bd5 25. Bxd6 Qxd6 26. Qc5 Qg6 27. c4 Bf7
28. Nb6 f4 29. Nd7 f3 30. g3 Qe6 31. Kh2 Qxd7 32. Rad1 Qe6 33. Rd4 Qg6 34. Re3
Qh6 35. Rdxe4 Rxe4 36. Rxe4 Be6 37. h4 Bc8 38. a4 Qc1 39. Re7 Qf1 40. Rxg7+
Kxg7 41. Qg5+ Kf7 42. Qf4+ Ke6 43. Qe3+ Kd6 44. Qh6+ Kc7 45. Qg7+ Bd7 46. Qe5+
Kc8 0-1

[Event "19. Obert Int. Sant Marti 2017"]
[Site "Barcelona ESP"]
[Date "2017.07.18"]
[Round "6.54"]
[White "Krithigga, K."]
[Black "Meertens, Martin"]
[Result "1/2-1/2"]
[WhiteElo "1848"]
[BlackElo "2123"]
[PlyCount "112"]
[EventDate "2017.07.13"]
[EventType "swiss"]
[EventRounds "9"]
[EventCountry "ESP"]
[SourceTitle "Ajedrez en Madrid"]
[Source "lmi"]
[SourceDate "2017.07.13"]
[SourceVersion "1"]
[SourceVersionDate "2019.06.21"]
[SourceQuality "1"]

1. c4 Nf6 2. g3 e6 3. Bg2 d5 4. Nf3 dxc4 5. Qa4+ Nbd7 6. Qxc4 c5 7. Qc2 Nd5 8.
O-O b6 9. Nc3 Bb7 10. b3 Be7 11. Bb2 O-O 12. Rad1 Rc8 13. Qb1 Qc7 14. Qa1 Bf6
15. Rc1 Qb8 16. d3 Rfe8 17. Rfd1 h6 18. Nd2 Nxc3 19. Bxc3 Bxg2 20. Kxg2 Bxc3
21. Qxc3 Nf6 22. Nf3 e5 23. Nd2 Rcd8 24. b4 Nd5 25. Qc4 Nxb4 26. a3 Nc6 27. Qg4
Qb7 28. Kg1 Nd4 29. e3 Nc6 30. Ne4 Kh8 31. Qh5 Rf8 32. g4 f6 33. Ng3 Qf7 34.
Qh3 Rd7 35. Nf5 Ne7 36. Kh1 Nxf5 37. gxf5 Rfd8 38. Rc3 e4 39. d4 Qa2 40. Qg3
Qe2 41. Rg1 Qb2 42. Rgc1 cxd4 43. exd4 Qd2 44. Rc7 Qxd4 45. Rxd7 Qxd7 46. Rc7
Qd1+ 47. Kg2 Qf3+ 48. Qxf3 exf3+ 49. Kg3 a5 50. Rb7 Rd3 51. a4 Rb3 52. h3 Kh7
53. Kg4 h5+ 54. Kxh5 Rb4 55. h4 Kg8 56. Rxg7+ Kxg7 1/2-1/2

[Event "19. Obert Int. Sant Marti 2017"]
[Site "Barcelona ESP"]
[Date "2017.07.18"]
[Round "6.55"]
[White "Hernandez Requena, Francesc"]
[Black "Romero Echeverria, Abigail"]
[Result "0-1"]
[WhiteElo "1807"]
[BlackElo "2109"]
[PlyCount "73"]
[EventDate "2017.07.13"]
[EventType "swiss"]
[EventRounds "9"]
[EventCountry "ESP"]
[SourceTitle "Ajedrez en Madrid"]
[Source "lmi"]
[SourceDate "2017.07.13"]
[SourceVersion "1"]
[SourceVersionDate "2019.06.21"]
[SourceQuality "1"]

1. d4 Nf6 2. Bg5 Ne4 3. Bf4 d5 4. e3 e6 5. f3 Nf6 6. Bd3 Be7 7. e4 c5 8. c3 Nc6
9. Ne2 dxe4 10. fxe4 cxd4 11. Nxd4 Bd7 12. O-O Qb6 13. Be3 Bc5 14. Kh1 e5 15.
Nxc6 Bxc6 16. Bxc5 Qxc5 17. Qe2 Rd8 18. b4 Qd6 19. Bc2 O-O 20. b5 Bd7 21. Rd1
Bg4 22. Rxd6 Bxe2 23. Rxd8 Rxd8 24. Na3 Rd2 25. c4 h5 26. c5 Bxb5 27. Nxb5 Rxc2
28. Nxa7 Rxc5 29. Kg1 Nxe4 30. Rb1 Nd6 31. Rd1 Ra5 32. Rxd6 Rxa7 33. Rb6 Rxa2
34. Rxb7 f6 35. Kf1 Kh7 36. Re7 h4 37. Rb7 0-1

[Event "19. Obert Int. Sant Marti 2017"]
[Site "Barcelona ESP"]
[Date "2017.07.18"]
[Round "6.56"]
[White "Ruperez, Miguel"]
[Black "Marchador Villalba, Jordi"]
[Result "1-0"]
[WhiteElo "2103"]
[BlackElo "1980"]
[PlyCount "93"]
[EventDate "2017.07.13"]
[EventType "swiss"]
[EventRounds "9"]
[EventCountry "ESP"]
[SourceTitle "Ajedrez en Madrid"]
[Source "lmi"]
[SourceDate "2017.07.13"]
[SourceVersion "1"]
[SourceVersionDate "2019.06.21"]
[SourceQuality "1"]

1. d4 Nf6 2. c4 e6 3. Nc3 c5 4. d5 exd5 5. cxd5 d6 6. h3 g6 7. Bf4 a6 8. a4 Bg7
9. e3 O-O 10. Nf3 Nh5 11. Bh2 Qe7 12. Be2 f5 13. O-O f4 14. Qd3 Nd7 15. Rae1 b5
16. axb5 axb5 17. Qe4 Ne5 18. Nxe5 Bf5 19. Nc6 Qxe4 20. Nxe4 Bxe4 21. Bxb5 Bc2
22. Rc1 Ba4 23. Bxa4 Rxa4 24. b3 Re4 25. Rc4 Rfe8 26. exf4 Rxc4 27. bxc4 Re4
28. f5 gxf5 29. Bxd6 Rxc4 30. Ne7+ Kf7 31. Nxf5 Bb2 32. Ne3 Ra4 33. Bxc5 Nf4
34. Rb1 Nd3 35. Bd6 Ra6 36. Bg3 Ra5 37. Rd1 Ra1 38. Rxa1 Bxa1 39. Kf1 Nb4 40.
Bd6 Na2 41. Ke2 Bd4 42. Kd3 Bf6 43. Kc4 Nc3 44. Ng4 Ne4 45. Nxf6 Nxd6+ 46. Kc5
Ke7 47. Nxh7 1-0

[Event "19. Obert Int. Sant Marti 2017"]
[Site "Barcelona ESP"]
[Date "2017.07.18"]
[Round "6.57"]
[White "Llados Clos, Jaume"]
[Black "Lacasta Palacio, Joaquim"]
[Result "1/2-1/2"]
[WhiteElo "1801"]
[BlackElo "2092"]
[PlyCount "114"]
[EventDate "2017.07.13"]
[EventType "swiss"]
[EventRounds "9"]
[EventCountry "ESP"]
[SourceTitle "Ajedrez en Madrid"]
[Source "lmi"]
[SourceDate "2017.07.13"]
[SourceVersion "1"]
[SourceVersionDate "2019.06.21"]
[SourceQuality "1"]

1. e4 e5 2. Nf3 d6 3. d4 Nd7 4. Bc4 c6 5. O-O Be7 6. dxe5 dxe5 7. Ng5 Bxg5 8.
Qh5 Qe7 9. Qxg5 Qxg5 10. Bxg5 Ngf6 11. f3 b5 12. Be2 Nc5 13. Nc3 Ke7 14. a4 b4
15. Nb1 Ne6 16. Be3 a5 17. Nd2 Nd7 18. Nb3 Bb7 19. Rfd1 Rhc8 20. Bc4 c5 21. c3
Rc7 22. Rd2 h6 23. Rad1 Ba6 24. Nxa5 Bxc4 25. Nxc4 Nef8 26. a5 bxc3 27. bxc3
Rb7 28. Rd5 Rb3 29. Nxe5 Rxc3 30. Nxd7 Rxe3 31. Nxf8 Kxf8 32. Ra1 c4 33. a6 Rb3
34. Kf1 c3 35. Rc5 Rb6 36. Rxc3 Rbxa6 37. Rxa6 Rxa6 38. Kf2 Ra2+ 39. Kg3 g6 40.
f4 Kg7 41. h3 h5 42. Kf3 Ra1 43. g4 Rf1+ 44. Kg3 h4+ 45. Kxh4 Rxf4 46. Re3 Rf1
47. e5 Ra1 48. Kg5 Ra5 49. Kf4 Ra4+ 50. Re4 Ra6 51. h4 Ra1 52. Rb4 Rf1+ 53. Kg5
Re1 54. Rb5 Re2 55. h5 gxh5 56. Kxh5 Re1 57. Kg5 Rxe5+ 1/2-1/2

[Event "19. Obert Int. Sant Marti 2017"]
[Site "Barcelona ESP"]
[Date "2017.07.18"]
[Round "6.58"]
[White "Advait, Bagri"]
[Black "Ventura Bolet, Alexandre"]
[Result "0-1"]
[WhiteElo "1772"]
[BlackElo "2080"]
[PlyCount "84"]
[EventDate "2017.07.13"]
[EventType "swiss"]
[EventRounds "9"]
[EventCountry "ESP"]
[SourceTitle "Ajedrez en Madrid"]
[Source "lmi"]
[SourceDate "2017.07.13"]
[SourceVersion "1"]
[SourceVersionDate "2019.06.21"]
[SourceQuality "1"]

1. e4 Nf6 2. e5 Nd5 3. d4 d6 4. c4 Nb6 5. exd6 cxd6 6. Nc3 g6 7. Be3 Bg7 8. Rc1
O-O 9. b3 Bf5 10. Nf3 Bg4 11. Be2 d5 12. c5 Nc8 13. O-O Nc6 14. h3 Bxf3 15.
Bxf3 e6 16. Qd2 N8e7 17. Ne2 Nf5 18. b4 Nh4 19. b5 Nxf3+ 20. gxf3 Na5 21. Rfd1
Nc4 22. Qb4 a6 23. a4 axb5 24. axb5 Ra2 25. Rxc4 dxc4 26. Qxc4 Qa5 27. Nc3 Rc2
28. Rd3 Ra8 29. Kg2 Rb2 30. Rd2 Rb4 31. Qd3 Rd8 32. b6 Rbxd4 33. Bxd4 Rxd4 34.
Qe2 Rxd2 35. Qxd2 Qxc3 36. Qd7 Qxc5 37. Qxb7 Be5 38. Qa8+ Kg7 39. b7 Qb4 40. h4
Qxh4 41. b8=Q Qh2+ 42. Kf1 Bxb8 0-1

[Event "19. Obert Int. Sant Marti 2017"]
[Site "Barcelona ESP"]
[Date "2017.07.18"]
[Round "6.59"]
[White "Gonzalez Saguillo, Oriol"]
[Black "Claramunt Bassegoda, Marcel"]
[Result "1-0"]
[WhiteElo "2077"]
[BlackElo "1977"]
[PlyCount "95"]
[EventDate "2017.07.13"]
[EventType "swiss"]
[EventRounds "9"]
[EventCountry "ESP"]
[SourceTitle "Ajedrez en Madrid"]
[Source "lmi"]
[SourceDate "2017.07.13"]
[SourceVersion "1"]
[SourceVersionDate "2019.06.21"]
[SourceQuality "1"]

1. e4 e5 2. Nf3 Nc6 3. Bc4 Nf6 4. d3 Bc5 5. O-O d6 6. c3 Be6 7. Bb5 Bb6 8. Nbd2
O-O 9. h3 Ne7 10. Re1 Ng6 11. d4 Qc8 12. Bf1 Re8 13. Qc2 Nh5 14. Nc4 exd4 15.
cxd4 d5 16. Nxb6 axb6 17. Bd2 dxe4 18. Rxe4 Rd8 19. Re3 Nhf4 20. a3 Bd5 21. Rc1
Ne6 22. Bc3 c6 23. Ne5 Qc7 24. Rce1 b5 25. Qf5 Nef4 26. Nxg6 hxg6 27. Qg5 Ne6
28. Qh4 Qb6 29. Bd3 Bc4 30. Bc2 Nxd4 31. Bxd4 Qxd4 32. Re8+ Rxe8 33. Rxe8+ Rxe8
34. Qxd4 Bd5 35. Kf1 Kf8 36. Bd3 Kg8 37. Bxb5 Rd8 38. Qb6 Rd7 39. Be2 f6 40. b3
Kf7 41. Bc4 Bxc4+ 42. bxc4 Ke7 43. c5 Kf7 44. g3 Ke7 45. a4 Kf7 46. a5 Ke7 47.
Kg2 Kf7 48. a6 1-0

[Event "19. Obert Int. Sant Marti 2017"]
[Site "Barcelona ESP"]
[Date "2017.07.18"]
[Round "6.60"]
[White "Guix Torres, David"]
[Black "Anuj, Shrivatri"]
[Result "1/2-1/2"]
[WhiteElo "2055"]
[BlackElo "1920"]
[PlyCount "55"]
[EventDate "2017.07.13"]
[EventType "swiss"]
[EventRounds "9"]
[EventCountry "ESP"]
[SourceTitle "Ajedrez en Madrid"]
[Source "lmi"]
[SourceDate "2017.07.13"]
[SourceVersion "1"]
[SourceVersionDate "2019.06.21"]
[SourceQuality "1"]

1. d4 Nf6 2. Nf3 g6 3. Nc3 Bg7 4. e4 d6 5. Be3 c6 6. Qd2 Qa5 7. Bd3 Bg4 8. Ng1
e5 9. f3 Be6 10. Nge2 Nbd7 11. a3 a6 12. g4 h6 13. h3 d5 14. f4 dxe4 15. Nxe4
Qxd2+ 16. Kxd2 Nxe4+ 17. Bxe4 Nf6 18. Bf3 exd4 19. Bxd4 O-O-O 20. Ke1 h5 21. g5
Ne8 22. Rd1 Bc4 23. c3 Bxe2 24. Kxe2 Bxd4 25. Rxd4 Rxd4 26. cxd4 Nc7 27. Be4
Re8 28. Kf3 1/2-1/2

[Event "19. Obert Int. Sant Marti 2017"]
[Site "Barcelona ESP"]
[Date "2017.07.18"]
[Round "6.61"]
[White "Serarols Mabras, Bernat"]
[Black "Mateu Farre, Josep Maria"]
[Result "1-0"]
[WhiteElo "2308"]
[BlackElo "1974"]
[PlyCount "127"]
[EventDate "2017.07.13"]
[EventType "swiss"]
[EventRounds "9"]
[EventCountry "ESP"]
[SourceTitle "Ajedrez en Madrid"]
[Source "lmi"]
[SourceDate "2017.07.13"]
[SourceVersion "1"]
[SourceVersionDate "2019.06.21"]
[SourceQuality "1"]

1. d4 d5 2. c4 e6 3. Nf3 Nf6 4. g3 Be7 5. Bg2 O-O 6. O-O Nbd7 7. Qc2 dxc4 8.
Qxc4 c5 9. dxc5 Nxc5 10. Nc3 b6 11. Rd1 Ba6 12. Rxd8 Bxc4 13. Rxa8 Rxa8 14. Ne5
Bd5 15. Nxd5 exd5 16. Nc6 Bf8 17. b3 Rc8 18. Nd4 Ne6 19. Bb2 Nxd4 20. Bxd4 Rc2
21. Bf3 Ba3 22. Bxf6 gxf6 23. Rd1 Rxa2 24. Rxd5 Be7 25. Rd7 Kf8 26. e3 Ra5 27.
Kg2 Rb5 28. Bd1 a5 29. h4 h6 30. Kf3 Rf5+ 31. Ke2 Re5 32. Bc2 Bc5 33. Kf3 Re7
34. Rd5 Re5 35. Rd1 Re6 36. Be4 Kg7 37. Bd5 Rd6 38. g4 Bb4 39. Ke4 Bc5 40. Kf5
Bb4 41. e4 Bc5 42. f4 Bb4 43. Rg1 b5 44. Rc1 Rd7 45. Rc6 a4 46. bxa4 bxa4 47.
Rxf6 Ra7 48. Rc6 a3 49. Ba2 Ra5+ 50. e5 Be7 51. Rc7 Kf8 52. g5 hxg5 53. fxg5
Rc5 54. Rxc5 Bxc5 55. h5 Be7 56. h6 Bb4 57. Bd5 Bc5 58. Bxf7 Kxf7 59. g6+ Kg8
60. h7+ Kh8 61. Kf6 Bf8 62. Kf7 Bg7 63. e6 Bf6 64. e7 1-0

[Event "19. Obert Int. Sant Marti 2017"]
[Site "Barcelona ESP"]
[Date "2017.07.18"]
[Round "6.62"]
[White "Monedero Gonzalez, Josep"]
[Black "Frih, Ameur"]
[Result "1-0"]
[WhiteElo "1957"]
[BlackElo "2233"]
[PlyCount "105"]
[EventDate "2017.07.13"]
[EventType "swiss"]
[EventRounds "9"]
[EventCountry "ESP"]
[SourceTitle "Ajedrez en Madrid"]
[Source "lmi"]
[SourceDate "2017.07.13"]
[SourceVersion "1"]
[SourceVersionDate "2019.06.21"]
[SourceQuality "1"]

1. d4 Nf6 2. Bf4 e6 3. e3 c5 4. c3 d5 5. Nf3 Nc6 6. Nbd2 Nh5 7. Bg5 Nf6 8. Ne5
Qb6 9. Rb1 Nxe5 10. dxe5 Nd7 11. Qa4 h6 12. Bh4 a6 13. Nf3 Qc6 14. Qg4 Qc7 15.
Bg3 c4 16. Be2 Qa5 17. a3 Nc5 18. O-O Ne4 19. h4 Bd7 20. Rfd1 Ba4 21. Rd4 Nc5
22. Ne1 O-O-O 23. b4 cxb3 24. Nd3 h5 25. Qf4 Be8 26. Nxc5 Bxc5 27. Rxb3 Bxd4
28. Qxd4 Kb8 29. f4 Rc8 30. Bf2 Qc5 31. Qd2 Ba4 32. Rb4 Qxc3 33. Qxc3 Rxc3 34.
Rxa4 Rc1+ 35. Bf1 Rhc8 36. g3 Ra1 37. Kg2 Rc2 38. f5 Raa2 39. Rf4 Rxa3 40. fxe6
fxe6 41. Rf8+ Rc8 42. Rf7 Ra2 43. Bd3 Rc3 44. Bg6 Rxe3 45. Bxh5 Rxe5 46. Bg4
Re4 47. Rxg7 Raa4 48. Bf3 Rec4 49. h5 Rc8 50. h6 Rh8 51. h7 Rc4 52. g4 Rc7 53.
Bg3 1-0

[Event "19. Obert Int. Sant Marti 2017"]
[Site "Barcelona ESP"]
[Date "2017.07.18"]
[Round "6.63"]
[White "Franco Valencia, Angela"]
[Black "Soham, Das"]
[Result "1-0"]
[WhiteElo "2214"]
[BlackElo "2020"]
[PlyCount "107"]
[EventDate "2017.07.13"]
[EventType "swiss"]
[EventRounds "9"]
[EventCountry "ESP"]
[SourceTitle "Ajedrez en Madrid"]
[Source "lmi"]
[SourceDate "2017.07.13"]
[SourceVersion "1"]
[SourceVersionDate "2019.06.21"]
[SourceQuality "1"]

1. e4 c5 2. Nf3 d6 3. d4 cxd4 4. Nxd4 Nf6 5. Nc3 a6 6. Be2 e5 7. Nb3 Be7 8. Be3
Be6 9. Nd5 Nxd5 10. exd5 Bf5 11. a4 Nd7 12. a5 Bg6 13. O-O Bg5 14. Bd2 Rc8 15.
c4 O-O 16. Bb4 Qe7 17. Nd2 e4 18. Nb3 Bf6 19. Nd4 Ne5 20. b3 Nd3 21. Bc3 Nf4
22. Bg4 Rcd8 23. Ra2 Be5 24. g3 Nd3 25. f4 exf3 26. Rxf3 Nc5 27. Qf1 Ne4 28.
Ba1 Qg5 29. Rf4 Bxf4 30. Qxf4 Rfe8 31. Qxg5 Nxg5 32. h4 h5 33. Be2 Ne4 34. Kg2
Nf6 35. b4 Ng4 36. b5 Ne3+ 37. Kf2 Nf5 38. bxa6 Nxd4 39. axb7 Nxe2 40. Rxe2 Rf8
41. Re3 Bf5 42. a6 Ra8 43. bxa8=Q Rxa8 44. Ra3 Kf8 45. a7 Ke7 46. Bd4 Kd7 47.
Bxg7 Kc7 48. Bd4 Bc8 49. Re3 Kd8 50. Bb6+ Kd7 51. Rf3 Ke7 52. c5 dxc5 53. Bxc5+
Ke8 54. Rb3 1-0

[Event "19. Obert Int. Sant Marti 2017"]
[Site "Barcelona ESP"]
[Date "2017.07.18"]
[Round "6.64"]
[White "Alcala Valiente, Juan Carlos"]
[Black "Gil Quilez, Sonia"]
[Result "0-1"]
[WhiteElo "1987"]
[BlackElo "2158"]
[PlyCount "84"]
[EventDate "2017.07.13"]
[EventType "swiss"]
[EventRounds "9"]
[EventCountry "ESP"]
[SourceTitle "Ajedrez en Madrid"]
[Source "lmi"]
[SourceDate "2017.07.13"]
[SourceVersion "1"]
[SourceVersionDate "2019.06.21"]
[SourceQuality "1"]

1. d4 d6 2. c4 e5 3. Nf3 e4 4. Ng5 f5 5. Nc3 Be7 6. Nh3 Nf6 7. Bg5 c6 8. g3 O-O
9. Nf4 Na6 10. d5 Nxd5 11. Bxe7 Nxe7 12. h4 Ng6 13. Nxg6 hxg6 14. h5 Qf6 15.
hxg6 Qxg6 16. e3 Rd8 17. Be2 Be6 18. Kf1 Qf7 19. Kg2 Kf8 20. Qd4 c5 21. Qd1 Nc7
22. Qb3 b6 23. Rad1 Ke7 24. Rh2 Rh8 25. Rdh1 Rxh2+ 26. Rxh2 Qg8 27. Rh1 Rb8 28.
Qa4 a6 29. Qc6 Qd8 30. Qa4 b5 31. cxb5 axb5 32. Qc2 Qg8 33. b3 c4 34. b4 Qf7
35. f3 exf3+ 36. Bxf3 Nd5 37. Qd2 Nxb4 38. Ne2 Nd3 39. Nd4 Bd5 40. Nc6+ Bxc6
41. Bxc6 Qf6 42. Qa5 Qb2+ 0-1

[Event "19. Obert Int. Sant Marti 2017"]
[Site "Barcelona ESP"]
[Date "2017.07.18"]
[Round "6.65"]
[White "Perez Pastora, Evarist"]
[Black "Moravich, Juan"]
[Result "1-0"]
[WhiteElo "2142"]
[BlackElo "2006"]
[PlyCount "153"]
[EventDate "2017.07.13"]
[EventType "swiss"]
[EventRounds "9"]
[EventCountry "ESP"]
[SourceTitle "Ajedrez en Madrid"]
[Source "lmi"]
[SourceDate "2017.07.13"]
[SourceVersion "1"]
[SourceVersionDate "2019.06.21"]
[SourceQuality "1"]

1. e4 c5 2. Nf3 Nf6 3. e5 Nd5 4. c3 e6 5. d4 cxd4 6. cxd4 Nc6 7. Be2 d6 8. exd6
Bxd6 9. O-O O-O 10. Nc3 Nxc3 11. bxc3 b6 12. Bd3 Be7 13. Qe2 Bb7 14. Qe4 g6 15.
Bh6 Re8 16. Rfd1 Qd5 17. Qf4 Qd6 18. Qe3 Bf6 19. Ng5 Bg7 20. Ne4 Qd5 21. Bxg7
Kxg7 22. c4 Qxd4 23. Qxd4+ Nxd4 24. Nd6 Ba6 25. Nxe8+ Rxe8 26. Rac1 e5 27. f3
Rc8 28. Kf2 Rc5 29. Bf1 f5 30. f4 Ra5 31. Rd2 Ne6 32. fxe5 Nc5 33. Kg1 Kf7 34.
Re1 Ke7 35. e6 Ra4 36. Rc1 h6 37. Be2 Kxe6 38. Bf3 g5 39. Re1+ Kf7 40. Bc6 Rb4
41. Rd6 Bxc4 42. Rxh6 Nd3 43. Rd1 Kg7 44. Rd6 Rb2 45. a4 Nc5 46. R6d2 Rb4 47.
a5 bxa5 48. Re1 Nd3 49. Red1 a4 50. Rxd3 Bxd3 51. Rxd3 Rb3 52. Rd7+ Kf6 53.
Bxa4 Rb1+ 54. Rd1 Rb7 55. h3 g4 56. hxg4 fxg4 57. Rd7 Rb1+ 58. Kh2 Kg5 59. Rxa7
Rf1 60. Kg3 Rc1 61. Ra5+ Kf6 62. Kxg4 Rc4+ 63. Kh3 Kg6 64. Bd1 Rd4 65. Bf3 Kh6
66. g4 Rb4 67. Kh4 Rf4 68. Ra6+ Kg7 69. Bd5 Rd4 70. Be6 Re4 71. Bf5 Rd4 72. Kg5
Rd1 73. Ra7+ Kg8 74. Kf6 Rd6+ 75. Be6+ Kh8 76. g5 Rd5 77. Ra8+ 1-0

[Event "19. Obert Int. Sant Marti 2017"]
[Site "Barcelona ESP"]
[Date "2017.07.18"]
[Round "6.66"]
[White "Montell Zabay, Alberto"]
[Black "Perez Garcia, Adria"]
[Result "1-0"]
[WhiteElo "1956"]
[BlackElo "2123"]
[PlyCount "105"]
[EventDate "2017.07.13"]
[EventType "swiss"]
[EventRounds "9"]
[EventCountry "ESP"]
[SourceTitle "Ajedrez en Madrid"]
[Source "lmi"]
[SourceDate "2017.07.13"]
[SourceVersion "1"]
[SourceVersionDate "2019.06.21"]
[SourceQuality "1"]

1. e4 c6 2. d4 d5 3. exd5 cxd5 4. Bd3 Nc6 5. c3 Nf6 6. Bf4 g6 7. Nd2 Bg7 8.
Ngf3 O-O 9. h3 Bf5 10. Nf1 Bxd3 11. Qxd3 Ne4 12. N1d2 Nxd2 13. Qxd2 b5 14. Bh6
Qb6 15. h4 Na5 16. b3 f6 17. Bxg7 Kxg7 18. h5 g5 19. O-O Qd8 20. Rfe1 Rf7 21.
Re6 Kf8 22. Rae1 Rc8 23. R1e3 Nb7 24. Qd3 Nd6 25. Nd2 Qa5 26. h6 Qxa2 27. Kh2
b4 28. cxb4 Qa1 29. Rxd6 exd6 30. Qf5 Qa6 31. Qxd5 Qc6 32. Qf5 Qd7 33. Qd5 Rd8
34. Re6 Re8 35. Rxd6 Qg4 36. Nf3 Qh5+ 37. Kg1 Qxh6 38. g3 Qh3 39. Qc5 Kg7 40.
Qc3 Rc8 41. Qe3 Qf5 42. Kg2 Qb5 43. d5 Re8 44. Qc3 h6 45. Nd4 Qb7 46. Nf5+ Kf8
47. Qc5 Kg8 48. Nxh6+ Kg7 49. Nxf7 Qxf7 50. Rc6 Qg6 51. Qxa7+ Kh6 52. Qd4 Rf8
53. b5 1-0

[Event "19. Obert Int. Sant Marti 2017"]
[Site "Barcelona ESP"]
[Date "2017.07.18"]
[Round "6.67"]
[White "Fuentes Godoy, Lilia Ivonne"]
[Black "Meenal, Gupta"]
[Result "1/2-1/2"]
[WhiteElo "2069"]
[BlackElo "1915"]
[PlyCount "55"]
[EventDate "2017.07.13"]
[EventType "swiss"]
[EventRounds "9"]
[EventCountry "ESP"]
[SourceTitle "Ajedrez en Madrid"]
[Source "lmi"]
[SourceDate "2017.07.13"]
[SourceVersion "1"]
[SourceVersionDate "2019.06.21"]
[SourceQuality "1"]

1. d4 Nf6 2. c4 e6 3. Nf3 Bb4+ 4. Bd2 Qe7 5. g3 O-O 6. Bg2 Nc6 7. Nc3 d5 8. a3
Bxc3 9. Bxc3 Ne4 10. Nd2 Rd8 11. Nxe4 dxe4 12. e3 f5 13. Qe2 a5 14. O-O e5 15.
d5 Nb8 16. b4 b6 17. Rfd1 Nd7 18. f3 Nf6 19. fxe4 Nxe4 20. Bxe4 fxe4 21. Qh5
Re8 22. h3 g6 23. Qh6 Ba6 24. b5 Bc8 25. Bb2 Bd7 26. Rf1 Rf8 27. Kg2 Rae8 28.
Qh4 1/2-1/2

[Event "19. Obert Int. Sant Marti 2017"]
[Site "Barcelona ESP"]
[Date "2017.07.18"]
[Round "6.68"]
[White "Niklesh, Kumar Jain"]
[Black "Minguell Soler, Joan"]
[Result "0-1"]
[WhiteElo "1822"]
[BlackElo "2021"]
[PlyCount "156"]
[EventDate "2017.07.13"]
[EventType "swiss"]
[EventRounds "9"]
[EventCountry "ESP"]
[SourceTitle "Ajedrez en Madrid"]
[Source "lmi"]
[SourceDate "2017.07.13"]
[SourceVersion "1"]
[SourceVersionDate "2019.06.21"]
[SourceQuality "1"]

1. e4 e6 2. d4 d5 3. Nc3 Bb4 4. Nge2 dxe4 5. a3 Be7 6. Nxe4 Nd7 7. N2g3 Ngf6 8.
Bd3 O-O 9. O-O b6 10. Qf3 Rb8 11. Nh5 Nxh5 12. Qxh5 f5 13. Ng5 Nf6 14. Qe2 Qd6
15. Bc4 Nd5 16. Nf3 Bf6 17. Re1 Bd7 18. Bd2 Rfe8 19. Rad1 Rbd8 20. c3 h6 21.
Bc1 Bc6 22. Ne5 Bxe5 23. Qxe5 Qxe5 24. Rxe5 Kf7 25. Rde1 Bb7 26. h3 g5 27. h4
Kf6 28. g4 f4 29. h5 Rd6 30. Bb3 b5 31. Bc2 Rb8 32. Bd2 a6 33. Bb3 Rbd8 34. Bc1
Bc8 35. Kf1 Bb7 36. Ba2 Rc8 37. Bd2 c5 38. Bb3 cxd4 39. cxd4 Re8 40. Rc1 Nb6
41. Bc3 Bd5 42. Bb4 Rc6 43. Rxc6 Bxc6 44. Bc3 Bd5 45. Bxd5 Nxd5 46. Ke2 Rc8 47.
Kd3 Ke7 48. Re1 Kd6 49. Re5 Rc4 50. Bd2 Nf6 51. Bb4+ Rxb4 52. axb4 Nxg4 53. Re1
Nxf2+ 54. Ke2 Ne4 55. Ra1 Ng3+ 56. Kf3 Nxh5 57. Rh1 Ng3 58. Rxh6 Nf5 59. Rh5
Nxd4+ 60. Ke4 Nc6 61. Rxg5 Nxb4 62. Rg8 Kc5 63. Rc8+ Kb6 64. b3 Nd5 65. Ke5 Ka5
66. Kxe6 Ne3 67. Rf8 Ng2 68. Ke5 Kb4 69. Rf6 a5 70. Rb6 f3 71. Rf6 Ne1 72. Ke4
Kxb3 73. Ke3 a4 74. Kd2 Nc2 75. Rxf3+ Kb2 76. Rc3 Nd4 77. Rc8 a3 78. Kd3 a2 0-1

[Event "19. Obert Int. Sant Marti 2017"]
[Site "Barcelona ESP"]
[Date "2017.07.18"]
[Round "6.70"]
[White "Farre Buil, Carles"]
[Black "Prats Gaudo, Oscar"]
[Result "1/2-1/2"]
[WhiteElo "1856"]
[BlackElo "2015"]
[PlyCount "63"]
[EventDate "2017.07.13"]
[EventType "swiss"]
[EventRounds "9"]
[EventCountry "ESP"]
[SourceTitle "Ajedrez en Madrid"]
[Source "lmi"]
[SourceDate "2017.07.13"]
[SourceVersion "1"]
[SourceVersionDate "2019.06.21"]
[SourceQuality "1"]

1. e4 Nf6 2. e5 Nd5 3. d4 d6 4. c4 Nb6 5. exd6 exd6 6. Nc3 Be7 7. Be3 Nc6 8. b3
Bf5 9. Nf3 O-O 10. Be2 Re8 11. O-O Bf6 12. Rc1 d5 13. cxd5 Nxd5 14. Nxd5 Qxd5
15. Rc5 Qd7 16. d5 Ne7 17. Bb5 c6 18. dxc6 bxc6 19. Qxd7 Bxd7 20. Ba4 Rec8 21.
Bd4 Bxd4 22. Nxd4 a5 23. Re1 Kf8 24. Kf1 g6 25. Rec1 Ra6 26. Nf3 f6 27. Rd1 Be6
28. Nd4 Bd5 29. Nc2 Kf7 30. Ne3 Ke6 31. Nxd5 Nxd5 32. Bxc6 1/2-1/2

[Event "19. Obert Int. Sant Marti 2017"]
[Site "Barcelona ESP"]
[Date "2017.07.18"]
[Round "6.71"]
[White "Marzo Pie, Xavier"]
[Black "Tateo, Ida"]
[Result "1-0"]
[WhiteElo "1996"]
[BlackElo "1238"]
[PlyCount "55"]
[EventDate "2017.07.13"]
[EventType "swiss"]
[EventRounds "9"]
[EventCountry "ESP"]
[SourceTitle "Ajedrez en Madrid"]
[Source "lmi"]
[SourceDate "2017.07.13"]
[SourceVersion "1"]
[SourceVersionDate "2019.06.21"]
[SourceQuality "1"]

1. d4 Nf6 2. c4 g6 3. Nc3 Bg7 4. e4 d6 5. Be2 O-O 6. Bg5 h6 7. Be3 c5 8. d5 e6
9. Qd2 exd5 10. exd5 Kh7 11. h3 Qa5 12. Nf3 a6 13. Bf4 Ne8 14. O-O Nd7 15. Rfe1
Ndf6 16. Bd3 Qc7 17. Re2 Bd7 18. Rae1 Rb8 19. a4 Nh5 20. Bh2 Qa5 21. g4 Nhf6
22. Bf4 Bxa4 23. Ra1 b5 24. b3 Qb4 25. bxa4 bxc4 26. Rb1 Qxc3 27. Qxc3 Nxd5 28.
Qxc4 1-0